Central Library OPAC University of Rajshahi

A treatise on hydromechanics / (Record no. 54976)

MARC details
000 -LEADER
fixed length control field 00690nam a2200241 a 4500
001 - CONTROL NUMBER
control field 54976
003 - CONTROL NUMBER IDENTIFIER
rucl marc code BD-RjUL
005 - DATE AND TIME OF LATEST TRANSACTION
control field 20211209080210.0
008 - FIXED-LENGTH DATA ELEMENTS--GENERAL INFORMATION
fixed length control field 161113m1957 enka 001 0 eng d
035 ## - SYSTEM CONTROL NUMBER
System control number (BD-RjUL)55098
040 ## - CATALOGING SOURCE
Original cataloging agency BD-RjUL
Language of cataloging eng
Transcribing agency BD-RjUL
Modifying agency BD-RjUL
041 ## - LANGUAGE CODE
Language code of text/sound track or separate title eng
082 ## - DEWEY DECIMAL CLASSIFICATION NUMBER
Edition number 23
Classification number 532.2
Author mark and year RAT 1957
100 1# - MAIN ENTRY--PERSONAL NAME
Personal name Ramsey, A. S.
9 (RLIN) 152036
245 12 - TITLE STATEMENT
Title A treatise on hydromechanics /
Statement of responsibility, etc. A.S. Ramsey
250 ## - EDITION STATEMENT
Edition statement 4th ed.
260 ## - PUBLICATION, DISTRIBUTION, ETC. (IMPRINT)
Place of publication, distribution, etc. London :
Name of publisher, distributor, etc. G. Bell and Son, Ltd.,
Date of publication, distribution, etc. 1935 [reprinted 1957]
300 ## - PHYSICAL DESCRIPTION
Pagination xii, 415 :
Illustrations ill. ;
Size 23 cm.
500 ## - GENERAL NOTE
General note Includes index
505 0# - FORMATTED CONTENTS NOTE
Formatted contents note I. Hydrostatics. II. Hydrodynamics.
650 ## - SUBJECT ADDED ENTRY--TOPICAL TERM
Topical term or geographic name as entry element Hydrostatics
9 (RLIN) 163923
942 ## - ADDED ENTRY ELEMENTS (KOHA)
Source of classification or shelving scheme Dewey Decimal Classification
Koha item type Books
Holdings
Lost status Source of classification or shelving scheme Damaged status Not for loan Collection code Permanent Location Current Location Shelving location Date acquired Source of acquisition Total Checkouts Full call number Date last seen Copy number Koha item type Cost, normal purchase price
  Dewey Decimal Classification     Non-fiction Central Library, University of Rajshahi Central Library, University of Rajshahi   21/09/1964 Australia   532.2 RAT Pt-2 1957 13/11/2016 C-2 Books  
  Dewey Decimal Classification   Not For Loan Non-fiction Central Library, University of Rajshahi Central Library, University of Rajshahi Reading Room 01/12/1961 M.A. Rahman, Reader, math. R. U.   532.2 RAT Pt-2 1935 24/05/2017 C-1 Books 26.00